000
00552nam a22001457a 4500
020
_a
9789327232899
082
_a
332.4 PAU
100
_a
Paul R.R
245
_a
Money and financial systems
260
_a
Ludhayana
_b
Kalyani publishers
_c
2013
300
_a
322p
942
_c
BK
999
_c
3518
_d
3518